Disney Negatives - Statistics

General Stats
  • This quiz has been taken 26 times
  • The average score is 46 of 57
Answer Stats
Picture Answer % Correct
Beauty And The Beast
100%
Lady And The Tramp
100%
Monsters, Inc
100%
Peter Pan
100%
The Emperor's New Groove
100%
Toy Story
100%
Aladdin
95%
Cars
95%
Sleeping Beauty
95%
The Incredibles
95%
The Lion King
95%
The Little Mermaid
95%
Up
95%
WALL-E
95%
Wreck-It Ralph
95%
Brave
89%
Finding Nemo
89%
Monsters University
89%
Ratatouille
89%
The Jungle Book
89%
Cinderella
84%
Coco
84%
Encanto
84%
Hercules
84%
Moana
84%
Mulan
84%
Pocahontas
84%
Robin Hood
84%
Soul
84%
Turning Red
84%
A Bug's Life
79%
Bolt
79%
Finding Dory
79%
Inside Out
79%
Luca
79%
Pinocchio
79%
Tangled
79%
The Good Dinosaur
79%
Toy Story 2
79%
Zootopia
79%
Elemental
74%
Frozen
74%
The Princess And The Frog
74%
Dinosaur
68%
Incredibles 2
68%
Lightyear
68%
Raya And The Last Dragon
68%
Atlantis: The Lost Empire
63%
Big Hero 6
63%
Onward
63%
Tarzan
63%
Oliver & Company
58%
Wish
58%
Treasure Planet
53%
The Black Cauldron
47%
The Rescuers Down Under
47%
Strange World
37%
No matching quizzes found
Score Distribution
Percent of People with Each Score
Percentile by Number Answered
Your Score History
You have not taken this quiz